00569nam a2200157Ia 4500008004100000082001900041100001500060245005100075260003500126365000600161630005100167730005100218942000900269999001900278952011400297100415s9999 xx 000 0 und d b10365a599.735 aRanjitsinh aEcology and Behaviour of The Indian Black Buck aRAJKOTc1982bSAURASHTRA UNIV. b0 aEcology and Behaviour of The Indian Black Buck aEcology and Behaviour of The Indian Black Buck cBOOK c593294d593291 00104070aBNHSbBNHSd1983-06-01g0.00l0o599.735 10365pBNHS-10365r2010-04-15 00:00:00w2010-04-15yBOOK